Strategic IT portfolio management : governing enterprise transformation /
Guardado en:
| Autor Principal: | |
|---|---|
| Formato: | Libro |
| Idioma: | English |
| Publicado: |
[United States] :
Pittiglio Rabin Tood & McGrath, Inc.,
c2005.
|
| Materias: | |
| Etiquetas: |
Agregar Etiqueta
Sin Etiquetas, Sea el primero en etiquetar este registro!
|
| LEADER | 00856cam a22002294a 4500 | ||
|---|---|---|---|
| 001 | EAD.ead001981 | ||
| 008 | 050124s2005####xxua#####b####001#0#eng## | ||
| 005 | 20100304085427.0 | ||
| 245 | 1 | 0 | |a Strategic IT portfolio management : |b governing enterprise transformation / |c Jeffrey D. Kaplan. |
| 260 | |a [United States] : |b Pittiglio Rabin Tood & McGrath, Inc., |c c2005. | ||
| 300 | |a ix, 283 p. : |b il. ; |c 24 cm. | ||
| 504 | |a Incluye referencias bibliográficas (p. 261-263) e índice. | ||
| 020 | |a 0976609304 (hbk.) | ||
| 100 | 1 | |a Kaplan, Jeffrey D. | |
| 082 | 0 | 0 | |a 004.068/4 |2 22 |
| 082 | 0 | 4 | |a 332.6 |2 21 |
| 650 | 7 | |a Tecnología de la información. |2 unbist | |
| 650 | 7 | |a Inversiones de cartera extranjeras. |2 unbist | |
| 010 | |a 2005920978 | ||
| 040 | |a DLC |c DLC |d DLC | ||
| 050 | 0 | 0 | |a HD30.2 |b .K37 2005 |
| 859 | |a AR-BaBDC |b BIB. ADMINISTRACION - Libros |h 332.6 |i K141 |p b06254 | ||
